[Event "Nettetal"]
[Site "Nettetal"]
[Date "1991.??.??"]
[Round "4"]
[White "Caessens, Rob"]
[Black "Moiseev, Viktor"]
[Result "1/2-1/2"]
[WhiteElo "2325"]
[BlackElo "2460"]

1.d4 Nf6 2.c4 c5 3.d5 e6 4.Nc3 exd5 5.cxd5 d6 6.Nf3 g6 7.Bf4 a6 8.a4 Bg7
9.e4 Bg4 10.Be2 Bxf3 11.Bxf3 O-O 12.O-O Qe7 13.Re1 Nbd7 14.Qc2 Rfe8 15.h3 Rac8
16.Rad1 c4 17.Be2 Nxe4 18.Bf3 Bxc3 19.bxc3 f5 20.Bxe4 fxe4 21.Rd4 Nc5 22.Rxc4 b5
23.axb5 axb5 24.Rd4 b4 25.cxb4 Nd3 26.Qxd3 exd3 27.Rxe7 Rxe7 28.Bxd6 Rc1+
29.Kh2 Rd7 30.Bf4  1/2-1/2

[Event "New York State-ch"]
[Site "New York"]
[Date "1991.??.??"]
[Round "5"]
[White "Bonin, Jay R"]
[Black "Lewis, James E"]
[Result "1-0"]
[WhiteElo "2435"]
[BlackElo "2245"]

1.d4 Nf6 2.c4 e6 3.Nf3 c5 4.d5 exd5 5.cxd5 d6 6.Nc3 g6 7.h3 Bg7 8.e4 O-O
9.Bd3 b5 10.Nxb5 Re8 11.O-O Nxe4 12.Bxe4 Rxe4 13.Ng5 Rb4 14.Qf3 Bf5 15.g4 Bf6
16.gxf5 Rxb5 17.Ne4 Be7 18.b3 Nd7 19.Bb2 Rab8 20.Qc3 f6 21.Rae1 Qf8 22.f4 Qf7
23.Ng5 Qg7 24.Qe3 R5b7 25.Qxe7 Qxe7 26.Rxe7 fxg5 27.Rg7+ Kf8 28.fxg6 hxg6
29.fxg5+ Ke8 30.Rff7 Kd8 31.Bc3  1-0

[Event "Nimes op"]
[Site "Nimes"]
[Date "1991.??.??"]
[Round "3"]
[White "Gavrikov, Viktor"]
[Black "Foisor, Ovidiu"]
[Result "1-0"]
[WhiteElo "2580"]
[BlackElo "2385"]

1.d4 Nf6 2.c4 e6 3.Nf3 c5 4.d5 d6 5.Nc3 exd5 6.cxd5 g6 7.Bf4 a6 8.a4 Bg7
9.e4 Bg4 10.Be2 Bxf3 11.Bxf3 O-O 12.O-O Qe7 13.Re1 Nbd7 14.Qd2 Rfe8 15.Be2 Rac8
16.a5 Qf8 17.Ra4 h6 18.Be3 Rc7 19.f3 h5 20.Bf1 h4 21.Qf2 h3 22.g3 Ne5 23.Rd1 Neg4
24.fxg4 Nxg4 25.Qf3 Nxe3 26.Qxe3 Bd4 27.Raxd4 cxd4 28.Rxd4 Qg7 29.Bxh3 Qe5
30.Rb4 Rc5 31.Rxb7 Rxa5 32.Kg2 Re7 33.Rb8+ Re8 34.Rxe8+ Qxe8 35.Qb6 Rc5 36.Qxa6 Qe5
37.Qe2 Rc7 38.Bg4 Rb7 39.Bf3 Rb4 40.Qd2 Kg7 41.Nd1  1-0

[Event "Nimes op"]
[Site "Nimes"]
[Date "1991.??.??"]
[Round "4"]
[White "Garcia Ilundain, David"]
[Black "Magerramov, Elmar"]
[Result "0-1"]
[WhiteElo "2325"]
[BlackElo "2525"]

1.d4 Nf6 2.Nf3 e6 3.c4 c5 4.d5 exd5 5.cxd5 d6 6.Nc3 g6 7.h3 a6 8.a4 Qe7 9.Nd2 Nbd7
10.e4 Bg7 11.Be2 O-O 12.O-O Re8 13.f4 Rb8 14.Re1 b5 15.axb5 axb5 16.e5 b4
17.exf6 Nxf6 18.Nf3 bxc3 19.Bb5 Qxe1+ 20.Nxe1 Rxb5 21.bxc3 Ne4 22.Ra8 Nxc3
23.Qd2 Rb7 24.Kh2 Rbe7 25.Nf3 Bb7 26.Rxe8+ Rxe8 27.Ne5 Nxd5 28.Nc4 Re6 29.Qa2 Nb4
30.Qa7 Bc6 31.Be3 Bf8 32.Qb8 Re8 33.Qc7 Bd5 34.Bd2 Re2 35.h4 Na6  0-1

[Event "URS Army-ch"]
[Site "Odessa"]
[Date "1991.??.??"]
[Round "?"]
[White "Podgaets, Mikhail"]
[Black "Totsky, Leonid"]
[Result "0-1"]
[WhiteElo "2450"]
[BlackElo "2300"]

1.d4 e6 2.c4 Nf6 3.Nf3 c5 4.d5 exd5 5.cxd5 d6 6.Nc3 g6 7.e4 Bg7 8.h3 O-O
9.Bd3 Re8 10.O-O c4 11.Bc2 b5 12.a3 Nbd7 13.Be3 a6 14.Re1 Bb7 15.Qd2 Qc7
16.Bh6 Ne5 17.Nd4 Bxh6 18.Qxh6 Nfd7 19.Nce2 Nc5 20.Ng3 f6 21.Qd2 Qb6 22.Re3 Ncd3
23.Ne6 Nxb2 24.Nh5 Rxe6 25.dxe6 gxh5 26.Rg3+ Ng6 27.e5 Nd3 28.exf6 Qd4 29.f7+ Kf8
30.Re1 Qf4 31.Ree3 Nge5 32.Bxd3 cxd3 33.Rg8+ Ke7 34.f8=Q+ Rxf8 35.Rg7+ Kxe6
36.Rxb7 Rc8 37.g3 Qd4 38.Qd1 d2 39.Kh2 Rc1 40.Qxh5 Qxe3 41.Qe8+ Kd5 42.Qg8+ Kc6
43.Qc8+ Kd5 44.Qg8+ Ke4 45.Qxh7+ Kf3  0-1

[Event "Palma de Mallorca op"]
[Site "Palma de Mallorca"]
[Date "1991.??.??"]
[Round "?"]
[White "Cramling, Pia"]
[Black "Franco Ocampo, Zenon"]
[Result "1-0"]
[WhiteElo "2470"]
[BlackElo "2495"]

1.d4 Nf6 2.c4 e6 3.Nf3 c5 4.d5 d6 5.Nc3 exd5 6.cxd5 g6 7.h3 a6 8.a4 Qe7 9.Bg5 Bg7
10.e3 h6 11.Bh4 Nbd7 12.Nd2 O-O 13.Bd3 Ne5 14.Bc2 g5 15.Bg3 Nh7 16.h4 g4
17.Bxe5 Bxe5 18.Nc4 Bd7 19.a5 f5 20.g3 f4 21.gxf4 Bxf4 22.Qe2 Be5 23.Na4 Rf3
24.Nab6 Raf8 25.Nxe5 dxe5 26.d6 Qg7 27.Nxd7 Qxd7 28.Qc4+ Kh8 29.Qxc5 g3 30.fxg3 Nf6
31.O-O-O  1-0

[Event "Paris-ch"]
[Site "Paris"]
[Date "1991.??.??"]
[Round "1"]
[White "Khenkin, Igor"]
[Black "Jaulin, Marc"]
[Result "1-0"]
[WhiteElo "2460"]
[BlackElo "2235"]

1.d4 Nf6 2.c4 c5 3.d5 e6 4.Nc3 exd5 5.cxd5 d6 6.Nf3 g6 7.Bf4 Bg7 8.Qa4+ Bd7
9.Qb3 b5 10.Bxd6 Qb6 11.Be5 O-O 12.e3 b4 13.Nb1 Bb5 14.Bxb5 Qxb5 15.Nc3 Qa6
16.Bxf6 Qxf6 17.Ne4 Qe7 18.Ned2 Nd7 19.O-O Nb6 20.Rac1 a5 21.Rc2 a4 22.Qd3 Rfd8
23.e4 f5 24.exf5 Rxd5 25.Qb5 Qf6 26.fxg6 Qxg6 27.Rxc5 Qd6 28.Rxd5 Nxd5 29.Nc4 Qe6
30.Re1 Qf7  1-0

[Event "Paris-ch"]
[Site "Paris"]
[Date "1991.??.??"]
[Round "1"]
[White "Derieux, Christian"]
[Black "Szalanczy, Emil"]
[Result "1/2-1/2"]
[WhiteElo "2225"]
[BlackElo "2420"]

1.d4 Nf6 2.c4 c5 3.d5 e6 4.Nc3 exd5 5.cxd5 d6 6.Nf3 g6 7.g3 Bg7 8.Bg2 O-O
9.O-O Re8 10.Nd2 a6 11.a4 Nbd7 12.h3 Nh5 13.Kh2 f5 14.Qc2 Ne5 15.f4 Nf7 16.Nc4 Bd7
17.a5 Bb5 18.Nb6 Rb8 19.Re1 Nf6 20.Bd2 Nd7 21.Nxb5 axb5 22.Nxd7 Qxd7 23.Bc3 Re3
24.Bd2 Re7 25.e4 fxe4 26.Rxe4 Rxe4 27.Bxe4 Re8 28.Re1 b4 29.f5 Ne5 30.fxg6 hxg6
31.Rf1 Qb5 32.Rf2 b3 33.Qb1 Re7 34.Bxg6 Nf3+ 35.Kh1 Nxd2 36.Rxd2 Qxa5 37.Rd1 c4
38.Qf5 Re1+ 39.Kg2 Re2+ 40.Kf3 Re7 41.Qc8+ Bf8 42.Qxc4 Qb6 43.Rd4 Rc7 44.Qb4 Qa6
45.Bd3 Qa1 46.Rg4+ Bg7 47.Qxd6 Qh1+ 48.Ke2 Qg2+ 49.Ke3 Qg1+ 50.Ke2  1/2-1/2

[Event "Paris-ch"]
[Site "Paris"]
[Date "1991.??.??"]
[Round "7"]
[White "Lempereur, Frederic"]
[Black "Renaudin, Jean Philippe"]
[Result "1-0"]
[WhiteElo "2200"]
[BlackElo "2315"]

1.d4 Nf6 2.c4 c5 3.d5 e6 4.Nc3 exd5 5.cxd5 d6 6.Nf3 g6 7.g3 Bg7 8.Bg2 O-O
9.O-O Re8 10.Bf4 h6 11.Re1 a6 12.a4 Ne4 13.Nxe4 Rxe4 14.Nd2 Rb4 15.e4 g5
16.Be3 Bxb2 17.e5 Bf5 18.Ra2 Bxe5 19.Bxc5 dxc5 20.Rxe5 Bg6 21.Re1 Nd7 22.Ra3 Nf6
23.Qc1 Rc8 24.Rc3 c4 25.Nxc4 Nxd5 26.Bxd5 Qxd5 27.Nb6 Rxc3 28.Qxc3 Qd4 29.Qc8+ Kg7
30.Nd7 Rb2 31.Rf1 Rd2 32.Qf8+ Kh7 33.Nc5 b5 34.axb5 axb5 35.Nb3 Qd6 36.Qe8 Rb2
37.Na5 h5 38.Nc6 Qe6 39.Ne7 Re2 40.Qg8+ Kh6 41.Qh8+ Bh7 42.Qf8+  1-0

[Event "Polanica Zdroj op"]
[Site "Polanica Zdroj"]
[Date "1991.??.??"]
[Round "?"]
[White "Zyla, Janusz"]
[Black "Ciemniak, Robert"]
[Result "1-0"]
[WhiteElo "2240"]
[BlackElo "2230"]

1.d4 Nf6 2.c4 c5 3.d5 e6 4.Nc3 exd5 5.cxd5 d6 6.Nf3 g6 7.Nd2 Nbd7 8.e4 a6
9.a4 Bg7 10.Be2 O-O 11.O-O Re8 12.Ra3 Rb8 13.a5 b5 14.axb6 Nxb6 15.Bxa6 Bxa6
16.Rxa6 c4 17.Qc2 Qc8 18.Ra3 Nfd7 19.Na4 Nxa4 20.Rxa4 Nb6 21.Ra3 Qc5 22.Nb1 Nd7
23.Ra6 Ne5 24.Nc3 Rec8 25.Na4 Qb5 26.Rxd6 Bf8 27.Rf6 Be7 28.Rf4 Bg5 29.h4 Bxf4
30.Bxf4 Re8 31.Rd1 f6 32.Bxe5 fxe5 33.d6 Rbd8 34.Rd5 Qc6 35.Nc5 Rxd6 36.Qxc4 Kh8
37.b4 Rb8 38.f4 exf4 39.Qd4+ Rf6 40.Nd7 Kg7  1-0

[Event "Polanica Zdroj op"]
[Site "Polanica Zdroj"]
[Date "1991.??.??"]
[Round "?"]
[White "Piesina, Gintautas"]
[Black "Jakubowski, Jaroslaw"]
[Result "1-0"]
[WhiteElo "2405"]
[BlackElo "2265"]

1.d4 Nf6 2.c4 c5 3.d5 e6 4.Nc3 exd5 5.cxd5 d6 6.Nf3 g6 7.e4 a6 8.h3 Bg7 9.a4 O-O
10.Bd3 Nbd7 11.O-O Ne8 12.Bg5 Bf6 13.Bh6 Bg7 14.Bxg7 Kxg7 15.Qd2 Rb8 16.Rfe1 Qf6
17.Bf1 h6 18.Rab1 Ne5 19.Nxe5 dxe5 20.b4 Qd6 21.bxc5 Qxc5 22.Rec1 Nd6 23.Qb2 Qa7
24.Qb6 Qxb6 25.Rxb6 Rd8 26.Bxa6 Bxh3 27.Bd3 Bc8 28.Nb5 Nxb5 29.Bxb5 Bd7 30.Rc7 Bxb5
31.axb5 Ra8 32.Rbxb7 Ra1+ 33.Kh2 Rf8 34.f4  1-0

[Event "Porz op26"]
[Site "Porz"]
[Date "1991.??.??"]
[Round "7"]
[White "Roeder, Mathias"]
[Black "Womacka, Mathias"]
[Result "0-1"]
[WhiteElo "2435"]
[BlackElo "2425"]

1.d4 Nf6 2.c4 e6 3.Nf3 c5 4.d5 exd5 5.cxd5 d6 6.Nc3 g6 7.Bf4 Bg7 8.Qa4+ Bd7
9.Qb3 Qc7 10.e4 O-O 11.Nd2 Nh5 12.Be3 f5 13.exf5 gxf5 14.Be2 Be8 15.Nf3 h6
16.O-O a6 17.a4 Nd7 18.h3 Rb8 19.Rfe1 Qd8 20.a5 Qf6 21.Ra4 Ne5 22.Nxe5 Bxa4
23.Qxa4 Qxe5 24.Bxh5 f4 25.Bg4 fxe3 26.Rxe3 Qf4 27.Ne4 Bd4 28.g3 Qe5 29.Be6+ Kh8
30.Qa3 Rxf2 31.Qd3  0-1

[Event "JUG-Cup final"]
[Site "Pula"]
[Date "1991.??.??"]
[Round "5"]
[White "Bogdanovski, Vlatko"]
[Black "Boric, Muhamed"]
[Result "0-1"]
[WhiteElo "2440"]
[BlackElo "2345"]

1.d4 Nf6 2.Nf3 c5 3.d5 e6 4.c4 exd5 5.cxd5 d6 6.Nc3 g6 7.e4 Bg7 8.h3 O-O
9.Bd3 b6 10.O-O Ba6 11.Re1 Bxd3 12.Qxd3 a6 13.Bf4 Ra7 14.a4 Ne8 15.e5 dxe5
16.Nxe5 Re7 17.Rad1 Nf6 18.Re3 Qc8 19.d6 Ra7 20.Nd5 Nxd5 21.Qxd5 Qe6 22.a5 Qxd5
23.Rxd5 bxa5 24.Rxc5 g5 25.Bg3 f5 26.f4 Nd7 27.Rc7 Rxc7 28.dxc7 Nxe5 29.fxe5 f4
30.Rc3 Rc8 31.Bf2 Bxe5 32.Rc5 Bxc7 33.Rxg5+ Kf7 34.Rc5  0-1

[Event "San Fernando op"]
[Site "San Fernando"]
[Date "1991.??.??"]
[Round "?"]
[White "Piza Cortizo, Daniel"]
[Black "Franco Ocampo, Zenon"]
[Result "0-1"]
[WhiteElo "2325"]
[BlackElo "2495"]

1.d4 Nf6 2.c4 e6 3.Nf3 c5 4.d5 d6 5.Nc3 exd5 6.cxd5 g6 7.h3 a6 8.a4 Qe7 9.Bg5 Bg7
10.e3 h6 11.Bh4 Nbd7 12.Be2 O-O 13.O-O Ne5 14.Nd2 g5 15.Bg3 Bf5 16.e4 Bh7
17.Re1 Nfd7 18.a5 Ng6 19.Nc4 Nf4 20.Bf1 Ne5 21.Ne3 Kh8 22.Nf5 Qf6 23.Nxg7 Qxg7
24.f3 f5 25.exf5 Bxf5 26.Ne4 Rad8 27.Ra3 Bh7 28.Bf2 Bg8 29.Nxd6 Rxd6 30.Bxc5 Rxd5
31.Bxf8 Qxf8 32.Qa1 Qg7 33.Rae3 Ned3 34.Re8 Nxe1 35.Qxe1 Nd3  0-1

[Event "San Sebastian op"]
[Site "San Sebastian"]
[Date "1991.??.??"]
[Round "5"]
[White "Gallego, Victoriano"]
[Black "Zelcic, Robert"]
[Result "1-0"]
[WhiteElo "2305"]
[BlackElo "2415"]

1.d4 Nf6 2.Nf3 c5 3.d5 e6 4.c4 exd5 5.cxd5 d6 6.Nc3 g6 7.e4 Bg7 8.h3 O-O
9.Bd3 Re8 10.O-O c4 11.Bxc4 Nxe4 12.Nxe4 Rxe4 13.Bg5 Bf6 14.Bd3 Re8 15.Qa4 Nd7
16.Qh4 Bxg5 17.Nxg5 Nf6 18.f4 Kg7 19.f5 h6 20.fxg6 hxg5 21.Qxg5 Re5 22.Qg3 Qb6+
23.Kh1 Qe3 24.Rf3 Qg5 25.Qxg5 Rxg5 26.gxf7 Nd7 27.Re1 Nf8 28.Re8 a6 29.Rfe3 Rxd5
30.Bc4 Rd1+ 31.Kh2 d5 32.Bb3 Rd4 33.Rc3 Kxf7 34.Rcxc8 Rxc8 35.Rxc8 a5 36.Rd8 Ke7
37.Rxd5 Rxd5 38.Bxd5 b5 39.g4 Kd6 40.Bf3 Nd7 41.Kg3 Nc5 42.h4 Ke5 43.g5 Kf5
44.Bg4+ Kg6 45.Be2  1-0

[Event "Santa Clara"]
[Site "Santa Clara"]
[Date "1991.??.??"]
[Round "10"]
[White "Borges Mateos, Juan"]
[Black "Pigusov, Evgeny"]
[Result "0-1"]
[WhiteElo "2385"]
[BlackElo "2540"]

1.d4 Nf6 2.c4 c5 3.d5 e6 4.Nc3 exd5 5.cxd5 d6 6.Nf3 g6 7.Bg5 h6 8.Bh4 a6
9.e4 Bg7 10.Nd2 b5 11.Be2 O-O 12.O-O Re8 13.Qc2 b4 14.Na4 Bd7 15.Rae1 Bb5
16.f4 Nbd7 17.b3 Qc7 18.Bc4 Nh7 19.Bg3 g5 20.Kh1 gxf4 21.Bxf4 Nhf8 22.Nf3 Ng6
23.Bg3 Nde5 24.Nb2 Qd8 25.Nd3 Bxc4 26.bxc4 Nxd3 27.Qxd3 a5 28.e5 dxe5 29.d6 Ra6
30.Qf5 Rxd6 31.Bxe5 Nxe5 32.Nxe5 Rf6 33.Qh5 Rxe5  0-1

[Event "Belavenets mem op"]
[Site "Smolensk"]
[Date "1991.??.??"]
[Round "?"]
[White "Tunik, Gennady"]
[Black "Cherniak, L."]
[Result "1-0"]
[WhiteElo "2470"]
[BlackElo "2420"]

1.d4 Nf6 2.c4 e6 3.Nf3 c5 4.d5 exd5 5.cxd5 d6 6.Nc3 g6 7.e4 Bg7 8.h3 O-O
9.Bd3 a6 10.a4 Nh5 11.O-O Nd7 12.Re1 Ne5 13.Be2 Nxf3+ 14.Bxf3 Qh4 15.Bxh5 gxh5
16.Qd2 Bd7 17.Qf4 Qe7 18.Qg3 h4 19.Qg5 Qxg5 20.Bxg5 Be5 21.a5 b5 22.axb6 Rfb8
23.Ra2 Rxb6 24.Re2 Bb5 25.Nxb5 Rxb5 26.f4 Bd4+ 27.Kh2 f6 28.Bxh4 a5 29.Bf2 Re8
30.Be1 f5 31.Rxa5 Rxb2 32.Rxb2 Bxb2 33.e5 c4 34.Bh4 c3 35.exd6 c2 36.d7 Rd8
37.Bxd8 c1=Q 38.Bg5 Bf6 39.Rc5 Qd2 40.Bxf6 Qxf4+ 41.Kg1 Qe3+ 42.Kh1  1-0

[Event "Stockholm"]
[Site "Stockholm"]
[Date "1991.??.??"]
[Round "?"]
[White "Svenn, Gosta"]
[Black "Hultin, Johan"]
[Result "0-1"]
[WhiteElo "2335"]
[BlackElo "2235"]

1.d4 e6 2.c4 Nf6 3.Nf3 c5 4.d5 exd5 5.cxd5 d6 6.Nc3 g6 7.e4 Bg7 8.Bg5 h6
9.Bh4 a6 10.Nd2 b5 11.Be2 O-O 12.O-O Nbd7 13.f4 Qc7 14.Bf3 Rb8 15.Rc1 Re8
16.Kh1 Qa5 17.Qc2 Bb7 18.a4 c4 19.axb5 axb5 20.Ra1 Qb4 21.Ra7 Nh7 22.Bf2 Nc5
23.Rb1 Nb3 24.Nxb3 cxb3 25.Qd1 f5 26.exf5 gxf5 27.Qd3 Bc8 28.Rba1 Qc4 29.Qxc4 bxc4
30.Rc7 Bxc3 31.bxc3 Nf6 32.Rxc4 b2 33.Rb1 Ne4 34.Bxe4 Rxe4 35.Rd4 Ba6 36.Rxe4 fxe4
37.c4 Rb4 38.Be1 Rxc4 39.Bd2 Rc2 40.Be3 Bd3 41.Bd4 Rc1+  0-1

[Event "Rilton Cup"]
[Site "Stockholm"]
[Date "1991.??.??"]
[Round "4"]
[White "Johansson, Jan"]
[Black "Wedberg, Tom"]
[Result "1/2-1/2"]
[WhiteElo "2415"]
[BlackElo "2465"]

1.d4 Nf6 2.Nf3 e6 3.c4 c5 4.d5 d6 5.Nc3 exd5 6.cxd5 g6 7.e4 Bg7 8.Bd3 a6
9.O-O O-O 10.a4 Bg4 11.h3 Bxf3 12.Qxf3 Nbd7 13.Bg5 Ne5 14.Qe2 Nxd3 15.Qxd3 Qc7
16.Rae1 Nd7 17.Qg3 Rae8 18.f4 f6 19.Bh4 c4 20.Qf3 b5 21.axb5 axb5 22.Bf2 Rb8
23.Ne2 f5 24.exf5 gxf5 25.Nd4 Nc5 26.Re2 Qf7 27.Ne6 Nxe6 28.dxe6 Qb7 29.Qe3 Qe7
30.Ra1 Rb7 31.Qf3 Rc7 32.Qd5 b4 33.Bh4 Bf6 34.Bxf6 Rxf6 35.Ra8+ Kg7 36.Ra1 c3
37.bxc3 bxc3 38.Rc1 Rc5 39.Qd4 Kh6 40.Rce1 c2 41.Qb2 c1=Q 42.Rxc1 Rxc1+ 43.Qxc1 Rxe6
44.Rxe6+ Qxe6 45.Qc3 Kg6 46.Qg3+ Kf7 47.Qh4 h6 48.Kh2 Ke8 49.Qg3 Kf7 50.Qd3 d5
51.Qc3 Qe4 52.Qc7+ Kg6 53.Qd6+ Kg7 54.Qd7+ Kg6 55.Qd6+ Kg7  1/2-1/2

[Event "Rilton Cup"]
[Site "Stockholm"]
[Date "1991.??.??"]
[Round "8"]
[White "Petursson, Margeir"]
[Black "Wedberg, Tom"]
[Result "1/2-1/2"]
[WhiteElo "2515"]
[BlackElo "2465"]

1.d4 Nf6 2.c4 e6 3.Nf3 c5 4.d5 exd5 5.cxd5 d6 6.Nc3 g6 7.e4 Bg7 8.Bd3 O-O
9.h3 Re8 10.O-O c4 11.Bxc4 Nxe4 12.Nxe4 Rxe4 13.Bd3 Re8 14.Bg5 Bf6 15.Qd2 Nd7
16.Rae1 Ne5 17.Bxf6 Qxf6 18.Nxe5 Rxe5 19.Qc3 Kg7 20.Rxe5 Qxe5 21.Rc1 Qxc3
22.Rxc3 Rb8 23.Rc7 a6 24.f4 Kf8 25.b4 b5 26.Be4 Ke8 27.Kf2 Ra8 28.g4 Bd7
29.Rc3 a5 30.Ra3 a4 31.Rc3 Rc8 32.Rxc8+ Bxc8 33.Bd3 Bd7 34.g5 Ke7 35.f5 gxf5
36.a3 f6 37.h4 fxg5 38.hxg5 Kf7 39.Kf3 Kg6 40.Kf4 Kg7  1/2-1/2

[Event "SWZ-GP"]
[Site "Suhr"]
[Date "1991.??.??"]
[Round "1"]
[White "Zueger, Beat"]
[Black "Gavrikov, Viktor"]
[Result "0-1"]
[WhiteElo "2425"]
[BlackElo "2580"]

1.d4 Nf6 2.c4 e6 3.Nf3 c5 4.d5 d6 5.Nc3 exd5 6.cxd5 g6 7.h3 a6 8.a4 Qe7 9.Bg5 h6
10.Bxf6 Qxf6 11.Nd2 Nd7 12.e3 Qe7 13.Nc4 Ne5 14.Nxe5 Qxe5 15.Bd3 Bg7 16.O-O O-O
17.Qe2 Re8 18.a5 Bd7 19.Rfe1 Rad8 20.Ra3 Kh8 21.Rb3 Bc8 22.Qf3 Rf8 23.Na4 Bd7
24.Nb6 Be8 25.Qe2 f5 26.Nc4 Qxd5 27.e4 Qf7 28.Rb6 fxe4 29.Bxe4 Bb5 30.Bd3 Bd4  0-1

[Event "Tbilisi"]
[Site "Tbilisi"]
[Date "1991.??.??"]
[Round "?"]
[White "Gurgenidze, Bukhuti"]
[Black "Zaichik, Gennadi"]
[Result "1-0"]
[WhiteElo "2370"]
[BlackElo "2455"]

1.d4 Nf6 2.c4 e6 3.Nc3 c5 4.d5 exd5 5.cxd5 d6 6.Nf3 g6 7.Bf4 Bg7 8.e3 O-O
9.h3 Na6 10.Be2 Nc7 11.O-O Re8 12.a4 a6 13.Qb3 Rb8 14.a5 Ne4 15.Ra2 g5 16.Bh2 b5
17.axb6 Nxc3 18.bxc3 Nb5 19.Bxb5 axb5 20.Qxb5 Rxb6 21.Qd3 Rb3 22.Rc1 Bd7
23.Nd2 Bb5 24.Qf5 Bd7 25.Qf3 Rxc3 26.Rxc3 Bxc3 27.Ne4 Bg7 28.Nxd6 Qb6 29.Qxf7+ Kh8
30.Bg3 Rf8 31.Qxd7 Qb1+ 32.Kh2 Qxa2 33.Nf7+ Kg8 34.Nxg5 Qa8 35.Qe6+ Kh8 36.Qe4  1-0

[Event "Terrassa"]
[Site "Terrassa"]
[Date "1991.??.??"]
[Round "9"]
[White "Garcia Ilundain, David"]
[Black "Romanishin, Oleg M"]
[Result "1-0"]
[WhiteElo "2325"]
[BlackElo "2610"]

1.d4 Nf6 2.Nf3 e6 3.c4 c5 4.d5 d6 5.Nc3 exd5 6.cxd5 g6 7.h3 Bg7 8.e4 O-O
9.Bd3 Nh5 10.O-O Nd7 11.Bg5 Bf6 12.Be3 a6 13.a4 Re8 14.Qd2 Rb8 15.Rab1 Qa5
16.g4 Ng7 17.Bf4 Ne5 18.Nxe5 Bxe5 19.Bxe5 dxe5 20.f4 c4 21.Bc2 b5 22.fxe5 b4
23.Ne2 Qc7 24.Qf4 Rb7 25.Rbd1 b3 26.Bb1 h5 27.Nd4 hxg4 28.hxg4 Qxe5 29.Qxe5 Rxe5
30.Rc1 Bxg4 31.Rxc4 Ne8 32.Re1 Nd6 33.Rc3 Bd7 34.Nf3 Rh5 35.e5 Nf5 36.Rc4 Kg7
37.Rec1 Ne3 38.Rc7 Rxc7 39.Rxc7 Bf5 40.d6 Rh8 41.Ng5 Bxb1 42.Ne6+ Kh6 43.d7 fxe6
44.Rc8 Rh7 45.d8=Q Nd5 46.Ra8 Kh5 47.Rxa6 Bf5 48.Rd6 Nf4 49.Rd7 Rh6 50.Qg8 g5
51.Rd2 Kg4 52.Rh2 Nh3+ 53.Kf1 Rh7 54.a5 Kf4 55.Qd8 Rf7 56.Ke1 g4 57.a6 Be4
58.Re2 Ng5 59.Qf6+ Rxf6 60.Rxe4+  1-0

[Event "Torcy op"]
[Site "Torcy"]
[Date "1991.??.??"]
[Round "?"]
[White "Roeder, Mathias"]
[Black "Hayoun, Lionel"]
[Result "1-0"]
[WhiteElo "2430"]
[BlackElo "2130"]

1.d4 Nf6 2.c4 e6 3.Nf3 c5 4.d5 exd5 5.cxd5 d6 6.Nc3 g6 7.Bf4 Bg7 8.Qa4+ Bd7
9.Qb3 Qc7 10.e4 O-O 11.Nd2 Nh5 12.Be3 f5 13.exf5 gxf5 14.Be2 Be8 15.Nf3 f4
16.Bd2 Qe7 17.O-O Nd7 18.Rfe1 Ne5 19.Ne4 Rf5 20.Nxc5 dxc5 21.Nxe5 Kh8 22.Bxh5 Bxe5
23.Bg4 Rg5 24.Bc3 Rxg4 25.Rxe5  1-0

[Event "Vienna op"]
[Site "Vienna"]
[Date "1991.??.??"]
[Round "4"]
[White "Stajcic, Nikola"]
[Black "Lobron, Eric"]
[Result "0-1"]
[WhiteElo "2310"]
[BlackElo "2540"]

1.d4 Nf6 2.c4 e6 3.Nf3 c5 4.d5 exd5 5.cxd5 d6 6.Nc3 g6 7.h3 Bg7 8.e4 O-O
9.Bd3 Re8 10.O-O Bd7 11.Re1 b5 12.a3 c4 13.Bf1 Na6 14.Bf4 Nc5 15.e5 dxe5
16.Nxe5 Nb3 17.Ra2 Rc8 18.g4 h6 19.Bg2 a6 20.Nc6 Bxc6 21.dxc6 Rxe1+ 22.Qxe1 Nd4
23.c7 Rxc7 24.Bxc7 Qxc7 25.Qe3 Nb3 26.a4 b4 27.Nd5 Nxd5 28.Bxd5 Bd4 29.Qe1 Qg3+
30.Bg2 a5 31.Kf1 Qd3+ 32.Kg1 Kg7 33.Kh2 Nd2 34.b3 c3 35.Bd5 Bf6 36.Bg2 Bd4
37.Bd5 Bxf2 38.Qe5+ Kh7 39.Kg2 Qf1+  0-1

[Event "Villa Ballester op"]
[Site "Villa Ballester"]
[Date "1991.??.??"]
[Round "3"]
[White "Alvarez, Roberto"]
[Black "Rebottaro, Hector Javier"]
[Result "1/2-1/2"]
[WhiteElo "2015"]
[BlackElo "2235"]

1.d4 c5 2.d5 Nf6 3.Nf3 e6 4.c4 exd5 5.cxd5 d6 6.Nc3 g6 7.Bg5 Bg7 8.e3 O-O
9.Nd2 h6 10.Bh4 a6 11.a4 Nbd7 12.Be2 Qc7 13.O-O Rb8 14.Bg3 Ne8 15.Rc1 Qd8
16.Nc4 Nb6 17.Na3 Bd7 18.a5 Na8 19.Nc4 Bb5 20.Na4 Bxc4 21.Rxc4 Qxa5 22.Nxc5 Qd8
23.b4 Nb6 24.Rc2 Nf6 25.Bf3 Qe7 26.Nb3 Rfd8 27.Qd3 Rbc8 28.Rfc1 Rxc2 29.Rxc2 Rc8
30.Rxc8+ Nxc8 31.Na5 g5 32.h3 Qd7 33.Bg4 Nxg4 34.hxg4 b6 35.Nc6 b5  1/2-1/2

[Event "Waldshut BM"]
[Site "Waldshut"]
[Date "1991.??.??"]
[Round "11"]
[White "Schuh, Hubert"]
[Black "Jacob, Volker"]
[Result "1-0"]
[WhiteElo "2375"]
[BlackElo "2240"]

1.d4 Nf6 2.Nf3 c5 3.d5 e6 4.c4 exd5 5.cxd5 d6 6.Nc3 g6 7.e4 Bg7 8.Qa4+ Nbd7
9.Qc2 O-O 10.Be2 Re8 11.O-O Nh5 12.Bg5 Ndf6 13.Rfe1 h6 14.Bd2 a6 15.a4 b6
16.Rab1 Ra7 17.b4 Rae7 18.bxc5 bxc5 19.Bc4 g5 20.g3 Nd7 21.h3 Ne5 22.Nxe5 Bxe5
23.Kg2 Rf8 24.Nd1 f5 25.exf5 Bxf5 26.Bd3 Bxd3 27.Qxd3 Rg7 28.Bc3 Bxc3 29.Qxc3 g4
30.h4 Qd7 31.Qe3 Qf5 32.Qe6+ Kh7 33.Qxf5+ Rxf5 34.Ne3 Re5 35.Rb6 Ra7 36.Rxd6 Ng7
37.Rc1 Re4 38.Rxc5 Rxa4 39.Rcc6 h5 40.Rf6 Ra3 41.Nf5 Rd3 42.Rh6+ Kg8 43.Rc8+ Kf7
44.Nd6+  1-0

[Event "Werfen op"]
[Site "Werfen"]
[Date "1991.??.??"]
[Round "2"]
[White "Sarosi, Zoltan"]
[Black "Deixler, Roland"]
[Result "1-0"]
[WhiteElo "2315"]
[BlackElo "2090"]

1.d4 Nf6 2.c4 e6 3.Nc3 c5 4.d5 exd5 5.cxd5 d6 6.Nf3 g6 7.Nd2 Bg7 8.e4 O-O
9.Be2 a6 10.a4 Nbd7 11.O-O Re8 12.Re1 Ne5 13.Qc2 g5 14.Nf1 g4 15.Ng3 Bd7
16.Nd1 Ng6 17.Ne3 h5 18.f3 h4 19.Ngf5 gxf3 20.gxf3 Bf8 21.Kh1 Rb8 22.b3 b5
23.axb5 axb5 24.Bb2 Nh5 25.Rg1 Nf4 26.Ng4 Nh5 27.e5 dxe5 28.Ngh6+ Bxh6 29.Nxh6+ Kg7
30.Nxf7 Qf6 31.Nxe5  1-0

[Event "Werfen op"]
[Site "Werfen"]
[Date "1991.??.??"]
[Round "8"]
[White "Sarosi, Zoltan"]
[Black "Schoeppl, Engelbert"]
[Result "1-0"]
[WhiteElo "2315"]
[BlackElo "2315"]

1.d4 c5 2.d5 Nf6 3.c4 e6 4.Nc3 exd5 5.cxd5 d6 6.Nf3 g6 7.Nd2 Na6 8.e4 Nc7
9.a4 Bg7 10.Be2 O-O 11.O-O Re8 12.f3 Rb8 13.Nc4 a6 14.Bf4 Nh5 15.Bxd6 b5
16.axb5 axb5 17.Ra7 Bd4+ 18.Kh1 Bh3 19.Bxc7 Bxg2+ 20.Kxg2 Qg5+ 21.Kh1 bxc4
22.Qc2 Rb4 23.Nd1 Rc8 24.f4 Qh4 25.Bxh5 Qxh5 26.d6 Qh3 27.Qg2 Qd7 28.e5 Rb3
29.Rf3 Qb5 30.Rxb3 cxb3 31.Ba5 Qd3 32.Bd2 c4 33.Rc7 Rd8 34.h3 Bb6 35.Rb7 Bc5
36.Nc3 Be3 37.Bxe3 Qxe3 38.Nd5 Qc1+ 39.Kh2 c3 40.bxc3 Qd1 41.Nf6+ Kg7 42.e6 Kxf6
43.Qg5+  1-0

[Event "Wiesbaden op"]
[Site "Wiesbaden"]
[Date "1991.??.??"]
[Round "4"]
[White "Kallai, Gabor"]
[Black "Brustkern, Juergen"]
[Result "1-0"]
[WhiteElo "2440"]
[BlackElo "2310"]

1.d4 Nf6 2.c4 e6 3.Nf3 c5 4.d5 exd5 5.cxd5 d6 6.Nc3 g6 7.Bf4 a6 8.e4 Bg4
9.Qb3 b5 10.Nd2 Bg7 11.h3 Bc8 12.Be2 O-O 13.O-O Ne8 14.a4 b4 15.Nd1 Nd7 16.a5 Qe7
17.Re1 Nc7 18.Nc4 Nb5 19.Bf1 Rb8 20.Qg3 Ne5 21.Nde3 Re8 22.Nb6 Qd8 23.Nec4 f6
24.Rac1 Rb7 25.Bd2 Nf7 26.Bd3 Rbe7 27.Bf4 Bb7 28.Be3 Kh8 29.h4 Rg8 30.h5 Bf8
31.Qf3 Re8 32.hxg6 Rxg6 33.e5 Nxe5 34.Nxe5 Rxe5 35.Bxg6 hxg6 36.Bf4 Nd4 37.Qg4 Rxe1+
38.Rxe1 g5 39.Re3 Kg7 40.Rh3 f5 41.Qh5  1-0

[Event "Zalakaros op"]
[Site "Zalakaros"]
[Date "1991.??.??"]
[Round "5"]
[White "Deak, Sandor"]
[Black "Madl, Ildiko"]
[Result "0-1"]
[WhiteElo "2330"]
[BlackElo "2380"]

1.d4 Nf6 2.c4 e6 3.Nf3 c5 4.d5 exd5 5.cxd5 d6 6.Nc3 g6 7.e4 Bg7 8.h3 O-O
9.Bd3 a6 10.a4 Nbd7 11.O-O Qe7 12.Bg5 h6 13.Bf4 Re8 14.Qd2 g5 15.Be3 Nf8
16.Rfe1 Ng6 17.e5 dxe5 18.Bxg6 fxg6 19.d6 Qf7 20.Bxc5 e4 21.Nh2 Bd7 22.Ng4 Bxg4
23.hxg4 Rad8 24.Bb6 Rd7 25.f3 Re6 26.Bc5 exf3 27.gxf3 Bf8 28.Rxe6 Qxe6 29.Rd1 Qe5
30.Qf2 Bxd6 31.Bd4 Qe7 32.Kg2 Be5 33.Bxe5 Qxe5 34.Rxd7 Nxd7 35.Qa7 Nc5 36.Qa8+ Kf7
37.Qd8 h5 38.gxh5 gxh5 39.Qc8 Kg7 40.Nd1 Qe2+ 41.Nf2 Qe7 42.a5 Ne6 43.Qc3+ Qf6
44.Qd2 Qd4 45.Qc2 Nf4+ 46.Kf1 Qe5 47.Qd2 Kh6 48.Ne4 Qb5+ 49.Kg1 Qd3 50.Qxd3 Nxd3
51.Nd6 Nxb2 52.Nxb7 Nd3 53.Kf1 h4 54.Ke2 h3 55.Kf1 Ne1 56.Kg1 Nxf3+ 57.Kf2 g4
58.Nc5 Kg5 59.Kg3 Nd2 60.Ne6+ Kf5 61.Nd4+ Ke4 62.Ne6 Ke3 63.Kh2  0-1

[Event "Wch U26 (Women)"]
[Site "Antwerp"]
[Date "1992.??.??"]
[Round "6"]
[White "Cuevas Rodriguez, Ma Luisa"]
[Black "Koglin, Anke"]
[Result "1-0"]
[WhiteElo "2200"]
[BlackElo "2125"]

1.d4 Nf6 2.Nf3 c5 3.d5 e6 4.c4 exd5 5.cxd5 d6 6.Nc3 g6 7.g3 Bg7 8.Bg2 O-O
9.O-O Re8 10.Nd2 a6 11.a4 Nbd7 12.Nc4 Nb6 13.Ne3 Ng4 14.Nxg4 Bxg4 15.h3 Bc8
16.Qc2 Nd7 17.e4 Rb8 18.Be3 Qc7 19.f4 b5 20.axb5 axb5 21.e5 dxe5 22.Ne4 Bb7
23.Rad1 c4 24.f5 Ra8 25.Qf2 f6 26.d6 Qb8 27.Nc3 Bxg2 28.Qxg2 b4 29.Nd5 Ra2
30.Ne7+ Kh8 31.Qc6 Rd8 32.Qxc4 Rxb2 33.fxg6 Qb7 34.Rd5 Ra8 35.gxh7 Raa2 36.Bf2 Qa8
37.Ng6+ Kxh7 38.Ne7 Qe8 39.Qe4+ f5 40.Qxf5+ Kh8 41.Ng6+ Kg8 42.Ne7+ Kh8 43.Qg5 Kh7
44.Qh4+ Bh6 45.g4 Rxf2 46.Rxf2 Rxf2 47.Qxf2 Bf4 48.Qh4+ Kg7 49.g5 Be3+ 50.Kg2  1-0